Normal view MARC view
  • LIEBERMAN ,HERBENT A., RIGER, MARTIN M AND BANKER ,GILBERT S

Entry Personal Name

Number of records used in: 1

001 - CONTROL NUMBER

  • control field: 8177

003 - CONTROL NUMBER IDENTIFIER

  • control field: JRU

005 - DATE AND TIME OF LATEST TRANSACTION

  • control field: 20230904135744.0

008 - FIXED-LENGTH DATA ELEMENTS

  • fixed length control field: 230904|| aca||aabn | a|a d

040 ## - CATALOGING SOURCE

  • Original cataloging agency: JRU
  • Transcribing agency: JRU

100 ## - HEADING--PERSONAL NAME

  • Personal name: LIEBERMAN ,HERBENT A., RIGER, MARTIN M AND BANKER ,GILBERT S

670 ## - SOURCE DATA FOUND

  • Source citation: Work cat.: (JRU)8220: LIEBERMAN ,HERBENT A., RIGER, MARTIN M AND BANKER ,GILBERT S. , PHARMACEUTICAL DOSAGE:DISPERSE SYSTEM VOL-2